00735cam a2200205 a 450000100100000000500170001000800410002704000230006808200190009110000300011024500450014026000480018530000210023358600420025465000300029665000320032691000340035895201220039299900150051400000805620240529124642.0880317s1986 cu 001 0 spa  aDO-SdBNPcDLCdDLC a869.342bC331c1 aCarvalho, André.92196110aCubalibre :bnovela /cAndré Carvalho. aLa Habana :bCasa de las Américas,c1986. a170 p. ;c19 cm. a"Premio Casa de las Américas 1985". 0aNovela brasileña913650 4aLiteratura brasileña9823 aCatalogación por copia / LC 001052708MOaGRbGRcCTd2009-09-14iLF1l0o869.342 C331cp8056-10r2020-06-25w2020-06-25y2ZPréstamo interno c7833d7833